[Event "Barcelona Sant Marti op-B 24th"]
[Site "Barcelona"]
[Date "2024.07.19"]
[Round "7"]
[White "Garcia Ruiz, Adrian"]
[Black "Julbe Colom, Lluis"]
[Result "1-0"]
[WhiteElo "1850"]
[BlackElo "1743"]
[PlyCount "91"]
[EventDate "2024.07.13"]
[EventType "swiss"]
[EventRounds "9"]
[EventCountry "ESP"]
[SourceTitle "EXT 2025"]
[Source "ChessBase"]
[SourceDate "2024.10.14"]
[SourceVersion "1"]
[SourceVersionDate "2024.10.14"]
[SourceQuality "1"]

1. d4 b6 2. Nf3 Bb7 3. g3 e6 4. Bg2 Nf6 5. 0-0 c5 6. c4 cxd4 7. Nxd4 Bxg2 8. Kxg2 Nc6 9. Nc3 Nxd4 10. Qxd4 Bc5 11. Qh4 0-0 12. e4 h6 13. Rd1 Rc8 14. b3 Be7 15. Qf4 Nh7 16. Bb2 f5 17. Qd2 d6 18. Ba3 d5 19. Bxe7 Qxe7 20. exd5 exd5 21. Qxd5+ Rf7 22. Re1 Qf6 23. Qe6 Rcf8 24. Nd5 Qxe6 25. Rxe6 Ng5 26. Re2 Ne4 27. Rae1 g5 28. f3 Nf6 29. Ne7+ Kh7 30. Nxf5 Nh5 31. Re7 Kg6 32. R1e6+ Rf6 33. Rxf6+ Kxf6 34. g4 Nf4+ 35. Kf1 Rd8 36. Rxa7 Rd1+ 37. Kf2 Rd2+ 38. Ke3 Rxh2 39. Ra6 Re2+ 40. Kd4 Ne6+ 41. Kc3 h5 42. Rxb6 h4 43. Rb8 h3 44. Rh8 h2 45. a4 Nf4 46. a5 1-0

[Event "Barcelona Sant Marti op-B 24th"]
[Site "Barcelona"]
[Date "2024.07.18"]
[Round "6"]
[White "Lanau Garcia, Francesc"]
[Black "Garcia Ruiz, Adrian"]
[Result "1-0"]
[WhiteElo "1880"]
[BlackElo "1850"]
[PlyCount "69"]
[EventDate "2024.07.13"]
[EventType "swiss"]
[EventRounds "9"]
[EventCountry "ESP"]
[SourceTitle "EXT 2025"]
[Source "ChessBase"]
[SourceDate "2024.10.14"]
[SourceVersion "1"]
[SourceVersionDate "2024.10.14"]
[SourceQuality "1"]

1. d4 Nf6 2. Nf3 d5 3. g3 e6 4. Bg2 Be7 5. 0-0 0-0 6. c4 dxc4 7. Qc2 a6 8. a4 Bd7 9. Rd1 Bc6 10. Nc3 a5 11. e4 Na6 12. Ne5 Nb4 13. Qe2 Nd3 14. Be3 Bb4 15. Nxc4 Nxb2 16. Qxb2 Bxc3 17. Qxc3 Bxe4 18. Bg5 Bxg2 19. Bxf6 Qd5 20. Ne3 Qf3 21. Qxc7 Bh3 22. Be7 Rfc8 23. Qf4 Qc6 24. Qh4 Bf5 25. Nxf5 exf5 26. Qf4 Rf8 27. d5 Qd7 28. d6 Rac8 29. Rdc1 h6 30. Rxc8 Rxc8 31. Rc1 Rxc1+ 32. Qxc1 Qxa4 33. Qc8+ Kh7 34. Qxf5+ Kg8 35. d7 1-0

[Event "Barcelona Sant Marti op-B 24th"]
[Site "Barcelona"]
[Date "2024.07.14"]
[Round "2"]
[White "Arjona Bereza, Ivan"]
[Black "Garcia Ruiz, Adrian"]
[Result "1/2-1/2"]
[WhiteElo "1708"]
[BlackElo "1850"]
[PlyCount "135"]
[EventDate "2024.07.13"]
[EventType "swiss"]
[EventRounds "9"]
[EventCountry "ESP"]
[SourceTitle "EXT 2025"]
[Source "ChessBase"]
[SourceDate "2024.10.14"]
[SourceVersion "1"]
[SourceVersionDate "2024.10.14"]
[SourceQuality "1"]

1. d4 Nf6 2. Bf4 d5 3. e3 c5 4. c3 Nc6 5. Nf3 Qb6 6. Qc2 g6 7. Nbd2 Bg7 8. Bd3 0-0 9. 0-0 Nd7 10. Rad1 e5 11. dxe5 Ndxe5 12. Nxe5 Nxe5 13. Be2 Bf5 14. e4 dxe4 15. Nxe4 Qc6 16. f3 Rad8 17. g4 Nxg4 18. fxg4 Bxe4 19. Qb3 Bh1 20. Rf2 Rfe8 21. Rxd8 Rxd8 22. Bg5 Rd5 23. Bb5 Qe6 24. Kxh1 Rxg5 25. Qxe6 fxe6 26. Be8 Rxg4 27. Bf7+ Kh8 28. Bxe6 Re4 29. Bc8 Re7 30. Rd2 Bf8 31. Kg2 b6 32. Ba6 Bh6 33. Rf2 Kg7 34. Bc4 Bg5 35. Kg3 Bf6 36. Rd2 Bg5 37. Rf2 Bh4+ 38. Kxh4 Re4+ 39. Kg3 Rxc4 40. Rd2 Ra4 41. b3 Ra3 42. Kg4 Kh6 43. Kf4 c4 44. Rb2 Kh5 45. Ke4 cxb3 46. axb3 Kh4 47. Kd4 g5 48. b4 h5 49. c4 Ra1 50. Rc2 Rd1+ 51. Ke4 Kh3 52. c5 bxc5 53. bxc5 g4 54. c6 Rd8 55. Kf4 a5 56. Kg5 Rd5+ 57. Kf4 Rd8 58. Kg5 Rh8 59. c7 h4 60. Rc3+ g3 61. hxg3 hxg3 62. c8Q+ Rxc8 63. Rxc8 g2 64. Kf4 g1Q 65. Rh8+ Kg2 66. Rg8+ Kf1 67. Rxg1+ Kxg1 68. Ke3 1/2-1/2

[Event "Barcelona Sant Marti op 10th"]
[Site "Barcelona"]
[Date "2023.02.09"]
[Round "5"]
[White "Coll Granell, Jorge"]
[Black "Garcia Ruiz, Adrian"]
[Result "0-1"]
[WhiteElo "1627"]
[BlackElo "1769"]
[PlyCount "86"]
[EventDate "2023.01.12"]
[EventType "swiss"]
[EventRounds "9"]
[EventCountry "ESP"]
[SourceTitle "CBM 213 Extra"]
[Source "ChessBase"]
[SourceDate "2023.05.31"]
[SourceVersion "1"]
[SourceVersionDate "2023.05.31"]
[SourceQuality "1"]

1. e4 e6 2. d4 d5 3. e5 c5 4. c3 Qb6 5. Nf3 Nc6 6. a3 Bd7 7. Be2 Nh6 8. b4 cxd4 9. cxd4 Nf5 10. Be3 Be7 11. Nc3 0-0 12. Na4 Qd8 13. Nc5 b6 14. Nxd7 Qxd7 15. 0-0 Rfc8 16. Rc1 f6 17. Bb5 a6 18. Ba4 b5 19. Bb3 fxe5 20. dxe5 Nxe3 21. fxe3 Qa7 22. Re1 Nd8 23. Qd4 Qb8 24. e4 dxe4 25. Qxe4 Qb6+ 26. Kh1 a5 27. h4 axb4 28. axb4 Nf7 29. Ra1 Rxa1 30. Rxa1 Nd8 31. h5 Qc7 32. Nd4 Qc3 33. Rb1 Qg3 34. Nxe6 Kh8 35. Nxd8 Rxd8 36. Bd5 Bg5 37. Rf1 Be7 38. Bc6 Qg5 39. Bxb5 Qxh5+ 40. Kg1 Rb8 41. Be2 Qh6 42. b5 Bc5+ 43. Rf2 Rf8 0-1

[Event "Barcelona Sant Marti op 10th"]
[Site "Barcelona"]
[Date "2023.01.19"]
[Round "2"]
[White "Garcia Ruiz, Adrian"]
[Black "Ntutumu Alene, Ireneo Bartolome"]
[Result "1-0"]
[WhiteElo "1769"]
[BlackElo "1499"]
[PlyCount "57"]
[EventDate "2023.01.12"]
[EventType "swiss"]
[EventRounds "9"]
[EventCountry "ESP"]
[SourceTitle "CBM 213 Extra"]
[Source "ChessBase"]
[SourceDate "2023.05.31"]
[SourceVersion "1"]
[SourceVersionDate "2023.05.31"]
[SourceQuality "1"]

1. e4 e5 2. Nf3 Nc6 3. Bb5 a6 4. Ba4 b5 5. Bb3 Nf6 6. 0-0 Bc5 7. c3 d6 8. d4 Bb6 9. h3 Bb7 10. Re1 h6 11. a4 0-0 12. axb5 axb5 13. Rxa8 Bxa8 14. Na3 b4 15. Nc4 bxc3 16. bxc3 Ba7 17. dxe5 Nxe5 18. Ncxe5 dxe5 19. Qxd8 Rxd8 20. Nxe5 Nxe4 21. Bxf7+ Kh8 22. Be3 Bxe3 23. Rxe3 Rd1+ 24. Kh2 Nxf2 25. Ng6+ Kh7 26. Re8 Rh1+ 27. Kg3 Ne4+ 28. Kh4 Ng5 29. Rh8# 1-0

[Event "Barcelona Sant Marti op-B 22nd"]
[Site "Barcelona"]
[Date "2022.07.16"]
[Round "4"]
[White "Garcia Ruiz, Adrian"]
[Black "Padin Jimenez, Oriol"]
[Result "0-1"]
[WhiteElo "1782"]
[BlackElo "1539"]
[PlyCount "64"]
[EventDate "2022.07.13"]
[EventType "swiss"]
[EventRounds "9"]
[EventCountry "ESP"]
[SourceTitle "CBM 210 Extra"]
[Source "ChessBase"]
[SourceDate "2022.11.30"]
[SourceVersion "1"]
[SourceVersionDate "2022.11.30"]
[SourceQuality "1"]

1. d4 d5 2. Nf3 Nc6 3. c4 Bg4 4. e3 Nf6 5. Nc3 e6 6. Be2 Bxf3 7. Bxf3 Bb4 8. 0-0 Bxc3 9. bxc3 0-0 10. Rb1 Rb8 11. Qa4 a6 12. cxd5 exd5 13. c4 Qd7 14. Ba3 Rfd8 15. Kh1 Na7 16. Qc2 Nc6 17. Rb2 Na5 18. cxd5 Nxd5 19. Be4 g6 20. Rfb1 b5 21. Bd3 Nb6 22. Qc3 Nac4 23. Rc2 Nd5 24. Qb3 Na5 25. Qb2 b4 26. Qc1 bxa3 27. Rxb8 Rxb8 28. Rc5 Nb7 29. Rc6 Nb4 30. Rxc7 Nxd3 31. Qc4 Nd6 32. Qc2 Qxc7 0-1

[Event "Hospitalet de Llobregat Ponce 11th"]
[Site "Hospitalet de Llobregat"]
[Date "2022.05.14"]
[Round "4"]
[White "Garcia Ruiz, Adrian"]
[Black "Asensio Linan, Teodoro"]
[Result "0-1"]
[WhiteElo "1874"]
[BlackElo "2020"]
[PlyCount "114"]
[EventDate "2022.04.23"]
[EventType "swiss"]
[EventRounds "9"]
[EventCountry "ESP"]
[SourceTitle "EXT 2023"]
[Source "ChessBase"]
[SourceDate "2022.10.05"]
[SourceVersion "1"]
[SourceVersionDate "2022.10.05"]
[SourceQuality "1"]

1. d4 g6 2. e4 Nf6 3. e5 Nh5 4. Be2 d6 5. Bxh5 gxh5 6. Qxh5 dxe5 7. dxe5 Qd5 8. Nc3 Qxg2 9. Qf3 Rg8 10. Qxg2 Rxg2 11. Bf4 Bd7 12. Bg3 Bc6 13. Nge2 Rxg3 14. Nxg3 Bxh1 15. Nxh1 Bh6 16. Nb5 Na6 17. Nd4 Bf4 18. Nf3 0-0-0 19. Rd1 Nb4 20. Rxd8+ Kxd8 21. Kd1 Kd7 22. Ng3 Nc6 23. Ke2 Nxe5 24. Nd4 c5 25. Nb5 a6 26. Nc3 Nc6 27. Nd5 Nd4+ 28. Kd3 Bc1 29. b3 Nc6 30. Kc4 Ba3 31. Ne4 b5+ 32. Kd3 Nb4+ 33. Nxb4 Bxb4 34. a4 f5 35. Ng5 h5 36. axb5 axb5 37. c4 bxc4+ 38. Kxc4 Kd6 39. Nf7+ Ke6 40. Nd8+ Kd7 41. Nf7 Be1 42. f3 Bf2 43. Ne5+ Kd6 44. Nd3 Bg1 45. h3 e5 46. b4 cxb4 47. Nxb4 e4 48. fxe4 fxe4 49. Nc2 Ke5 50. Kc3 Kf4 51. Kd2 Kf3 52. Ke1 Kg2 53. Ke2 Kxh3 54. Nb4 Kg2 55. Nd5 h4 56. Nf6 h3 57. Nxe4 h2 0-1

[Event "Barcelona Segura Memorial 1st"]
[Site "Barcelona"]
[Date "2021.10.27"]
[Round "5"]
[White "Tortosa Moros, Joan"]
[Black "Garcia Ruiz, Adrian"]
[Result "0-1"]
[WhiteElo "1705"]
[BlackElo "1911"]
[PlyCount "72"]
[EventDate "2021.09.29"]
[EventType "swiss"]
[EventRounds "9"]
[EventCountry "ESP"]
[SourceTitle "EXT 2023"]
[Source "ChessBase"]
[SourceDate "2022.10.05"]
[SourceVersion "1"]
[SourceVersionDate "2022.10.05"]
[SourceQuality "1"]

1. e4 e5 2. Nf3 Nc6 3. Bb5 a6 4. Ba4 Nf6 5. d3 Bc5 6. 0-0 b5 7. Bb3 0-0 8. c3 d6 9. h3 h6 10. Re1 Re8 11. Be3 Bxe3 12. Rxe3 d5 13. exd5 Nxd5 14. Bxd5 Qxd5 15. Nbd2 Bf5 16. Ne4 Rad8 17. Qb3 Bg6 18. Qxd5 Rxd5 19. c4 bxc4 20. dxc4 Rdd8 21. Nc5 a5 22. a3 f6 23. Nh4 Bf7 24. b3 Nd4 25. Rc1 Bh5 26. g4 Bf7 27. Nb7 Ra8 28. Nf3 Ne6 29. b4 axb4 30. axb4 Reb8 31. Na5 Rxb4 32. Nc6 Rb2 33. Ne7+ Kf8 34. Nf5 Nf4 35. Kf1 Raa2 36. Ke1 Ng2+ 0-1

[Event "Barcelona Ciutat op-B"]
[Site "Barcelona"]
[Date "2021.08.23"]
[Round "6"]
[White "Garcia Ruiz, Adrian"]
[Black "Gutierrez Palomino, Albert"]
[Result "1/2-1/2"]
[WhiteElo "1911"]
[BlackElo "1965"]
[PlyCount "50"]
[EventDate "2021.08.18"]
[EventType "swiss"]
[EventRounds "9"]
[EventCountry "ESP"]
[SourceTitle "EXT 2022"]
[Source "ChessBase"]
[SourceDate "2021.10.06"]
[SourceVersion "1"]
[SourceVersionDate "2021.10.06"]
[SourceQuality "1"]

1. e4 e6 2. d4 d5 3. Nd2 Nc6 4. Ngf3 Nf6 5. e5 Nd7 6. Nb3 a5 7. a4 b6 8. Bb5 Na7 9. Bd3 c5 10. Be2 Be7 11. c3 Nc6 12. 0-0 Ba6 13. Bxa6 Rxa6 14. Bf4 0-0 15. Bg3 Ra8 16. Re1 Rc8 17. Qd2 cxd4 18. Nfxd4 Nxd4 19. Nxd4 Nc5 20. f3 Qd7 21. Qd1 Na6 22. Qe2 Nc5 23. Qd1 Na6 24. Qe2 Nc5 25. Qd1 Na6 1/2-1/2

[Event "Barcelona Ciutat op-B"]
[Site "Barcelona"]
[Date "2021.08.20"]
[Round "3"]
[White "Moyano Barrero, Antonio"]
[Black "Garcia Ruiz, Adrian"]
[Result "1/2-1/2"]
[WhiteElo "1731"]
[BlackElo "1911"]
[PlyCount "165"]
[EventDate "2021.08.18"]
[EventType "swiss"]
[EventRounds "9"]
[EventCountry "ESP"]
[SourceTitle "EXT 2022"]
[Source "ChessBase"]
[SourceDate "2021.10.06"]
[SourceVersion "1"]
[SourceVersionDate "2021.10.06"]
[SourceQuality "1"]

1. b4 e5 2. Bb2 Bxb4 3. Bxe5 Nf6 4. c4 0-0 5. e3 c5 6. Nf3 Nc6 7. Bb2 d5 8. cxd5 Nxd5 9. Be2 Re8 10. 0-0 a6 11. d4 Qe7 12. Bc4 Be6 13. Qc2 Rac8 14. a3 Ba5 15. Qb3 Red8 16. e4 Nf4 17. d5 b5 18. Qe3 Bc7 19. Bb3 Bg4 20. Nbd2 c4 21. Bc2 Ne5 22. Nxe5 Bxe5 23. Bxe5 Qxe5 24. f3 Bh5 25. g3 Nxd5 26. Qf2 Nc3 27. g4 f6 28. Nxc4 bxc4 29. gxh5 Qxh5 30. f4 Qg6+ 31. Qg2 Qxg2+ 32. Kxg2 Rd2+ 33. Rf2 Rcd8 34. Raf1 Nb5 35. a4 Na3 36. Bb1 c3 37. Ba2+ Kf8 38. Bd5 Rxf2+ 39. Kxf2 f5 40. Ke3 fxe4 41. Bxe4 Nc4+ 42. Ke2 Rd2+ 43. Kf3 Rxh2 44. Kg3 Ra2 45. Rc1 Rxa4 46. Rxc3 Ra3 47. Rxa3 Nxa3 48. Bxh7 Nb5 49. Bd3 Kf7 50. f5 Kf6 51. Kf4 Nc7 52. Ke4 a5 53. Kd4 a4 54. Kc4 Ne8 55. Kb4 Nd6 56. Kxa4 Nxf5 57. Kb4 g5 58. Be2 Ke5 59. Kc3 Kf4 60. Bh5 Ng3 61. Bd1 Ne4+ 62. Kd4 Nd2 63. Bh5 Nf3+ 64. Kd3 Ne5+ 65. Ke2 Kg3 66. Kf1 Kh4 67. Bd1 Kg3 68. Bh5 Ng4 69. Kg1 Kh4 70. Be8 Nf6 71. Bc6 g4 72. Kg2 Nh5 73. Ba8 g3 74. Bb7 Nf4+ 75. Kg1 Kg4 76. Bc8+ Kf3 77. Bb7+ Ke3 78. Ba8 Ne2+ 79. Kg2 Kf4 80. Bb7 Nd4 81. Bc8 Nf5 82. Bxf5 Kxf5 83. Kxg3 1/2-1/2

[Event "Sitges Sunway 7th"]
[Site "Sitges"]
[Date "2020.12.15"]
[Round "3"]
[White "Garcia Ruiz, Adrian"]
[Black "Hapala, Elisabeth"]
[Result "0-1"]
[WhiteElo "2024"]
[BlackElo "2154"]
[PlyCount "92"]
[EventDate "2020.12.13"]
[EventType "swiss"]
[EventRounds "10"]
[EventCountry "ESP"]
[SourceTitle "CBM 199 Extra"]
[Source "ChessBase"]
[SourceDate "2021.01.31"]
[SourceVersion "1"]
[SourceVersionDate "2021.01.31"]
[SourceQuality "1"]

1. e4 c5 2. Nf3 e6 3. d4 cxd4 4. Nxd4 Nc6 5. Nc3 Qc7 6. Be2 a6 7. 0-0 Nf6 8. Be3 Bb4 9. Na4 Be7 10. Nxc6 bxc6 11. Nb6 Rb8 12. Nxc8 Qxc8 13. Bd4 c5 14. Be5 Rb6 15. b3 d6 16. Bb2 Nxe4 17. Bxg7 Rg8 18. Bb2 Bf6 19. Bxf6 Nxf6 20. Qd3 Ke7 21. Rad1 Qc6 22. Bf3 Qb5 23. Rfe1 Qxd3 24. Rxd3 a5 25. Red1 d5 26. Re1 Kd6 27. Kf1 Ra6 28. g3 Rb8 29. Be2 Ra7 30. g4 a4 31. Rh3 axb3 32. axb3 Ra2 33. Bd3 Nxg4 34. Rxh7 Ne5 35. Be2 Rxc2 36. f4 Nc6 37. Rxf7 Nd4 38. Ra1 Rb6 39. Bg4 Rxh2 40. Kg1 Rb2 41. f5 R2xb3 42. f6 Rg3+ 43. Kh2 Rxg4 44. Rf8 Rb2+ 45. Kh3 Rgg2 46. f7 Rh2+ 0-1

[Event "El Prat de Llobregat op-B 1st"]
[Site "El Prat de Llobregat"]
[Date "2019.12.08"]
[Round "6"]
[White "Garcia Ruiz, Adrian"]
[Black "Gopal, KN."]
[Result "0-1"]
[WhiteElo "1955"]
[BlackElo "1840"]
[PlyCount "64"]
[EventDate "2019.12.03"]
[EventType "swiss"]
[EventRounds "9"]
[EventCountry "ESP"]
[SourceTitle "CBM 193 Extra"]
[Source "ChessBase"]
[SourceDate "2020.01.31"]
[SourceVersion "1"]
[SourceVersionDate "2020.01.31"]
[SourceQuality "1"]

1. e4 g6 2. d4 Bg7 3. Nc3 c5 4. Nf3 cxd4 5. Nxd4 a6 6. Be3 d6 7. Qd2 Nc6 8. 0-0-0 Bd7 9. f3 Nf6 10. Bc4 b5 11. Bb3 0-0 12. Kb1 Na5 13. h4 b4 14. Nd5 Nxb3 15. axb3 Nxd5 16. exd5 a5 17. h5 a4 18. Bh6 axb3 19. Nxb3 Bxh6 20. Qxh6 g5 21. Qxg5+ Kh8 22. Qf4 f6 23. g4 Qc7 24. Rhe1 Rfc8 25. Qe4 Qa7 26. h6 Qa2+ 27. Kc1 Qxb3 28. Re2 Ra1+ 29. Kd2 Rxd1+ 30. Kxd1 Qxb2 31. Qxe7 Qb1+ 32. Kd2 Qxc2+ 0-1

[Event "Barcelona City op-B 24th"]
[Site "Barcelona"]
[Date "2019.10.02"]
[Round "6.2"]
[White "Walukow, Theodora Paulina"]
[Black "Garcia Ruiz, Adrian"]
[Result "1/2-1/2"]
[WhiteElo "1864"]
[BlackElo "1933"]
[PlyCount "145"]
[EventDate "2019.09.27"]
[EventType "swiss"]
[EventRounds "9"]
[EventCountry "ESP"]
[SourceTitle "EXT 2024"]
[Source "ChessBase"]
[SourceDate "2023.10.10"]
[SourceVersion "1"]
[SourceVersionDate "2023.10.10"]
[SourceQuality "1"]

1. e4 c5 2. Nf3 d6 3. d4 cxd4 4. Nxd4 Nf6 5. Nc3 a6 6. Be3 e6 7. f3 b5 8. Qd2 Nbd7 9. g4 h6 10. h4 Bb7 11. 0-0-0 b4 12. Nce2 d5 13. Ng3 dxe4 14. Nxe4 Nxe4 15. fxe4 Bxe4 16. Bg2 Bxg2 17. Qxg2 Rc8 18. g5 hxg5 19. Bxg5 Qc7 20. Rhe1 Nf6 21. Rd2 Be7 22. Nf5 Bf8 23. Bxf6 gxf6 24. Ng7+ Bxg7 25. Qxg7 Ke7 26. Rf2 f5 27. Qg5+ Kf8 28. Rg2 Qd8 29. Qg7+ Ke7 30. Rg6 Rc6 31. Qf6+ Kd7 32. Qxf7+ Qe7 33. Rd1+ Rd6 34. Qxe7+ Kxe7 35. Rg7+ Kf6 36. Rxd6 Kxg7 37. Rxe6 Rxh4 38. Rxa6 Rd4 39. Re6 f4 40. Re1 Kf6 41. Rd1 Re4 42. Kd2 Kf5 43. Re1 Rd4+ 44. Ke2 Rd6 45. Kf3 Rd4 46. Re2 Rd1 47. Re4 Rf1+ 48. Ke2 Rc1 49. Kf3 Rf1+ 50. Ke2 Rc1 51. Rxb4 Rxc2+ 52. Kf3 Ke5 53. Rb5+ Kd6 54. Kxf4 Kc6 55. Rb3 Re2 56. a4 Re1 57. a5 Ra1 58. Rb6+ Kc7 59. b4 Rc1 60. Ke5 Rc4 61. Kd5 Rc1 62. Rg6 Kb7 63. a6+ Ka7 64. b5 Rc2 65. Rc6 Rb2 66. Kc5 Rc2+ 67. Kd6 Rb2 68. Rc7+ Kb8 69. Rb7+ Ka8 70. Kc6 Rc2+ 71. Kb6 Rc6+ 72. Ka5 Rxa6+ 73. bxa6 1/2-1/2

[Event "Barcelona Sants op 21st"]
[Site "Barcelona"]
[Date "2019.08.29"]
[Round "7"]
[White "Garcia Ruiz, Adrian"]
[Black "Perez Garcia, Jose Miguel"]
[Result "1-0"]
[WhiteElo "1933"]
[BlackElo "1904"]
[PlyCount "69"]
[EventDate "2019.08.23"]
[EventType "swiss"]
[EventRounds "10"]
[EventCountry "ESP"]
[SourceTitle "EXT 2020"]
[Source "ChessBase"]
[SourceDate "2019.10.17"]
[SourceVersion "1"]
[SourceVersionDate "2019.10.17"]
[SourceQuality "1"]

1. e4 c5 2. Nf3 d6 3. d4 cxd4 4. Nxd4 Nf6 5. Nc3 a6 6. Bc4 e5 7. Nf3 Be7 8. 0-0 0-0 9. h3 Nc6 10. Re1 b5 11. Bb3 Na5 12. Nd5 Nxb3 13. axb3 Nxd5 14. exd5 f5 15. c4 bxc4 16. bxc4 Qb6 17. Ng5 f4 18. Ne6 Bxe6 19. dxe6 Rac8 20. Qa4 Rc6 21. Qa5 Qb7 22. Qd5 Qc8 23. b3 f3 24. Ba3 fxg2 25. c5 dxc5 26. Rxe5 Rd8 27. Qc4 Rd4 28. Qe2 Qf8 29. Bb2 Rb4 30. Re3 Qf5 31. Rxa6 Rc8 32. Ra7 Re8 33. Rf3 Qd5 34. Rd3 Qf5 35. Rxe7 1-0

[Event "Barcelona Sants op 21st"]
[Site "Barcelona"]
[Date "2019.08.27"]
[Round "5"]
[White "Martos Martin, Josep Angel"]
[Black "Garcia Ruiz, Adrian"]
[Result "0-1"]
[WhiteElo "1790"]
[BlackElo "1933"]
[PlyCount "156"]
[EventDate "2019.08.23"]
[EventType "swiss"]
[EventRounds "10"]
[EventCountry "ESP"]
[SourceTitle "EXT 2020"]
[Source "ChessBase"]
[SourceDate "2019.10.17"]
[SourceVersion "1"]
[SourceVersionDate "2019.10.17"]
[SourceQuality "1"]

1. d4 Nf6 2. Bf4 d6 3. Nf3 g6 4. e3 Bg7 5. h3 0-0 6. Be2 c5 7. c3 Nc6 8. 0-0 cxd4 9. exd4 Nd5 10. Bg3 e5 11. dxe5 dxe5 12. Bh4 Nf6 13. Na3 Qe7 14. Bb5 Qc5 15. Bg5 Bf5 16. Qc1 Be4 17. Be3 Qe7 18. Nd2 Bd5 19. c4 Be6 20. Bxc6 bxc6 21. Nc2 Bf5 22. a3 Rfd8 23. Nb4 Qc7 24. Na6 Qb7 25. Nc5 Qe7 26. b4 Ne8 27. Nde4 Bc8 28. Bg5 f6 29. Be3 Nc7 30. Rd1 Ne6 31. Rxd8+ Qxd8 32. Nxe6 Bxe6 33. c5 Bd5 34. Nd6 f5 35. Bg5 Qd7 36. Bd2 f4 37. f3 e4 38. fxe4 Bxe4 39. Ra2 Bd4+ 40. Kh2 Bd5 41. Rc2 f3 42. Bf4 fxg2 43. Rxg2 Bxg2 44. Kxg2 Qe6 45. Qd1 Qd5+ 46. Qf3 Qxf3+ 47. Kxf3 a5 48. Bd2 axb4 49. Bxb4 Bb2 50. Nc4 Bf6 51. Na5 Rc8 52. Nb7 Bb2 53. Nd6 Rb8 54. Nc4 Bxa3 55. Bxa3 Rb3+ 56. Ke4 Rc3 57. Kd4 Rxh3 58. Bc1 Rh4+ 59. Kd3 Rh5 60. Kd4 Rd5+ 61. Kc3 Rxc5 62. Ba3 Rd5 63. Ne3 Rd7 64. Ng4 Ra7 65. Bc5 Ra5 66. Be7 h5 67. Nf2 Kf7 68. Bb4 Rd5 69. Kc4 g5 70. Ne4 h4 71. Be1 Kg6 72. Bf2 Kf5 73. Nc3 Kg4 74. Nxd5 cxd5+ 75. Kxd5 Kf3 76. Bd4 g4 77. Bg1 g3 78. Ke5 h3 0-1

[Event "Barcelona Sant Marti op-B 21st"]
[Site "Barcelona"]
[Date "2019.07.13"]
[Round "1"]
[White "Arias Aranda, Guillem"]
[Black "Garcia Ruiz, Adrian"]
[Result "1/2-1/2"]
[WhiteElo "1595"]
[BlackElo "1929"]
[PlyCount "150"]
[EventDate "2019.07.13"]
[EventType "swiss"]
[EventRounds "9"]
[EventCountry "ESP"]
[SourceTitle "EXT 2020"]
[Source "ChessBase"]
[SourceDate "2019.10.17"]
[SourceVersion "1"]
[SourceVersionDate "2019.10.17"]
[SourceQuality "1"]

1. e4 c5 2. b3 Nc6 3. Bb2 d6 4. Nc3 Nf6 5. f4 g6 6. Nf3 Bg7 7. Be2 Nxe4 8. Nxe4 Bxb2 9. 0-0 Bxa1 10. Qxa1 Nd4 11. Nxd4 cxd4 12. Bb5+ Bd7 13. Nxd6+ exd6 14. Re1+ Kf8 15. Qxd4 Qb6 16. Qxb6 axb6 17. Bxd7 Rxa2 18. Rc1 Ke7 19. Bg4 Rha8 20. Kf2 Ra1 21. Rxa1 Rxa1 22. Ke3 Kd8 23. Bf3 Kc7 24. Kd4 Rc1 25. c3 Re1 26. d3 f6 27. c4 h5 28. f5 g5 29. Bxh5 Re5 30. Bg4 b5 31. cxb5 Rxb5 32. Kc4 Re5 33. Kd4 Re1 34. Bf3 Rh1 35. h3 Re1 36. Be4 b6 37. Kd5 Kd7 38. Kc4 Rb1 39. Bd5 Rc1+ 40. Kd4 b5 41. b4 Rc2 42. Be6+ Kc7 43. Bd5 Kb6 44. Be4 Kc7 45. Bd5 Re2 46. Be4 Rf2 47. Bf3 Rb2 48. Kc3 Rb1 49. Bd5 Kd7 50. Be4 Ke7 51. Bd5 Kf8 52. Bb7 Re1 53. Be4 Kg7 54. Kd4 Rb1 55. Kc3 Kh6 56. Bb7 Rf1 57. Bf3 Rb1 58. Bb7 Kh5 59. Ba6 Kh4 60. Bxb5 Kg3 61. Bc4 Kxg2 62. Bb3 Kxh3 63. b5 Re1 64. b6 Re8 65. b7 Rb8 66. Bd5 g4 67. Kb4 g3 68. Kb5 g2 69. Bxg2+ Kxg2 70. Kc6 Kf3 71. Kc7 Rxb7+ 72. Kxb7 Kf4 73. Kc6 Kxf5 74. Kxd6 Kf4 75. Ke6 Ke3 1/2-1/2

[Event "Hospitalet de Llobregat op 4th"]
[Site "Hospitalet de Llobregat"]
[Date "2019.06.01"]
[Round "8"]
[White "Garcia Ruiz, Adrian"]
[Black "Torres Ribe, Ricard"]
[Result "1/2-1/2"]
[WhiteElo "1920"]
[BlackElo "1616"]
[PlyCount "126"]
[EventDate "2019.04.06"]
[EventType "swiss"]
[EventRounds "9"]
[EventCountry "ESP"]
[SourceTitle "CBM 190 Extra"]
[Source "ChessBase"]
[SourceDate "2019.07.15"]
[SourceVersion "1"]
[SourceVersionDate "2019.07.15"]
[SourceQuality "1"]

1. d4 d5 2. c4 e6 3. Nc3 Nf6 4. Nf3 c6 5. Bg5 Nbd7 6. e3 Qa5 7. Nd2 Bb4 8. Qc2 0-0 9. Be2 dxc4 10. Bxf6 Nxf6 11. Nxc4 Qd8 12. a3 Be7 13. b4 Nd5 14. 0-0 Nxc3 15. Qxc3 Bf6 16. Qc2 Qe7 17. Rac1 e5 18. dxe5 Bxe5 19. Nxe5 Qxe5 20. Bd3 g6 21. Rfd1 Be6 22. a4 Rac8 23. a5 Rfd8 24. a6 b6 25. Bc4 Rxd1+ 26. Rxd1 c5 27. Bxe6 Qxe6 28. bxc5 Rxc5 29. Qd3 Qc6 30. g3 Rc1 31. Qd8+ Kg7 32. Qd4+ Kg8 33. Rxc1 Qxc1+ 34. Kg2 Qc6+ 35. e4 Qb5 36. Qd8+ Kg7 37. Qc8 Qc5 38. Qxc5 bxc5 39. Kf3 Kf6 40. Ke3 Ke5 41. Kd3 Kd6 42. Kc4 Kc6 43. f4 h5 44. e5 Kb6 45. h3 Kc6 46. g4 h4 47. f5 g5 48. f6 Kd7 49. Kxc5 Ke6 50. Kc6 Kxe5 51. Kc7 Ke6 52. Kb7 Kd7 53. Kb8 Kc6 54. Kc8 Kd6 55. Kd8 Ke6 56. Kc7 Ke5 57. Kc6 Ke6 58. Kc7 Ke5 59. Kb8 Kd6 60. Kb7 Kd7 61. Kxa7 Kc7 62. Ka8 Kc8 63. Ka7 Kc7 1/2-1/2